|
|
|
|
| LEADER |
00817nab a2200217 i 4500 |
| 001 |
misc65563 |
| 005 |
20221021123143.0 |
| 008 |
220324s1949 hu o 0|| hun d |
| 040 |
|
|
|a SZTE Miscellanea Repozitórium
|b hun
|
| 041 |
|
|
|a hun
|
| 100 |
1 |
|
|a Gombocz Zoltán
|
| 245 |
1 |
0 |
|a Történeti magyar nyelvtan
|h [elektronikus dokumentum] :
|b 5. rész : Syntaxis /
|c Gombocz Zoltán
|
| 260 |
|
|
|a Pázmány Péter Tudománygyetem Magyar Nyelvtudományi Intézete
|b Budapest
|c 1949
|
| 300 |
|
|
|a 176 p.
|c 22 cm
|
| 561 |
|
|
|a Németh Gyula hagyaték
|
| 591 |
|
|
|a NOM 1978
|
| 650 |
|
4 |
|a Bölcsészettudományok
|
| 650 |
|
4 |
|a Nyelvek és irodalom
|
| 695 |
|
|
|a Nyelvtörténet - magyar, Magyar nyelv - mondattan
|
| 700 |
0 |
1 |
|a Pais Dezső
|
| 856 |
4 |
0 |
|u http://misc.bibl.u-szeged.hu/65563/1/1978_nom_g51.pdf
|z Dokumentum-elérés
|